[Event "Challenge"]
[Site "http://www.queenalice.com/game.php?id=872848"]
[Date "2010.12.16"]
[Round "-"]
[White "alexdu60o"]
[Black "Did60"]
[Result "0-1"]
[WhiteElo "1242"]
[BlackElo "1241"]

1. Nc3 e5 2. Nf3 Nf6 3. Nxe5 Bb4 4. a3 Bd6 5. d4 O-O 6. e4 Nc6 7. f4 a6 8. d5
Ne7 9. g4 c6 10. g5 Ne8 11. Na4 Qa5+ 12. c3 b5 13. b4 Qc7 14. Ra2 f6 15. Nd3 a5
16. e5 fxe5 17. fxe5 bxa4 18. Qxa4 Bxe5 19. Re2 Ba6 20. Nxe5 Rf5 21. Ng4 h5 22.
Ne3 Rxg5 23. Rg2 Re5 24. Be2 cxd5 25. Rg3 Qxc3+ 26. Bd2 Qa1+ 27. Qd1 Qxa3 28.
Rf1 axb4 29. Rgf3 d4 30. Nc4 Qa2 31. Ra3 bxa3 32. Nxe5 d6 33. Nc4 Rc8 34. Nxa3
Qxa3 35. h4 Bb7 36. Bxh5 Nf6 37. Rf3 Qb2 38. Rb3 Qa2 39. Be2 Be4 40. Bd3 Bd5 41.
Rb1 Ne4 42. Rc1 Rf8 43. Rc2 Qa3 44. Bc1 Qb4+ 45. Bd2 Qa4 46. Ke2 Ng3+ 47. Ke1
Rf3 48. Be2 Ra3 49. Bg4 Bb3 50. Rc4 Qxc4 51. Qf3 Ra1+ 52. Kf2 Nf1 53. h5 Nxd2
54. Qf4 Rf1+ 55. Kg3 Rg1+ 56. Kh4 Nf1 57. Qxd6 Rh1+ 58. Kg5 Qc1+ 0-1

[Event "Le jeu de l'amour"]
[Site "http://www.queenalice.com/game.php?id=874733"]
[Date "2010.12.21"]
[Round "-"]
[White "Ederson"]
[Black "Did60"]
[Result "0-1"]
[WhiteElo "1157"]
[BlackElo "1144"]

1. b4 b6 2. e4 d6 3. Bb5+ c6 4. Ba4 e5 5. c4 Na6 6. Bxc6+ Bd7 7. b5 Nb4 8. Bxa8
Qxa8 9. f3 Be7 10. a3 Nd3+ 11. Ke2 Nf4+ 12. Ke1 Nf6 13. g3 N4h5 14. g4 Nf4 15.
g5 N6h5 16. Ne2 Ng2+ 17. Kf2 Bh3 18. Ng1 Nhf4 19. Nxh3 Nxh3+ 20. Kxg2 Qc8 21.
Qa4 a5 22. Bb2 Nf4+ 23. Kf1 Qh3+ 24. Kg1 Qg2# 0-1

[Event "Challenge"]
[Site "http://www.queenalice.com/game.php?id=876633"]
[Date "2010.12.25"]
[Round "-"]
[White "Did60"]
[Black "PRZ"]
[Result "1-0"]
[WhiteElo "1184"]
[BlackElo "1434"]

1. e4 c6 2. d3 Qb6 3. Nf3 Nf6 4. d4 e6 5. c3 Nxe4 6. Ne5 c5 7. Be3 d6 8. Nc4 Qb5
9. Nba3 Qd7 10. Qh5 g6 11. Qh4 d5 12. Ne5 Qd6 13. Nb5 Qb6 14. a4 a6 15. a5 Qd8
16. Qf4 g5 17. Qxf7# 1-0

[Event "Challenge"]
[Site "http://www.queenalice.com/game.php?id=877185"]
[Date "2010.12.27"]
[Round "-"]
[White "FranzMeM"]
[Black "Did60"]
[Result "1-0"]
[WhiteElo "1464"]
[BlackElo "1150"]

1. e4 e5 2. Qf3 f6 3. a3 d6 4. h3 Ne7 5. Nc3 h6 6. Bc4 Qd7 7. d3 Nbc6 8. Nge2 g5
9. O-O Na5 10. Bxg5 hxg5 11. Qxf6 Rh6 12. Qf7+ Kd8 13. Qxf8+ Qe8 14. Qxh6 g4 15.
h4 Nec6 16. Qg5+ Kd7 17. Qxg4+ Kd8 18. Qg5+ Kd7 19. Bb5 Qh8 20. Nd5 Ke8 21.
Bxc6+ bxc6 22. Nxc7+ Kf8 23. Nxa8 Qh7 24. Qd8+ Kf7 25. Qxc8 Qxh4 26. Qd7+ Qe7
27. Qxe7+ Kxe7 28. f3 1-0

[Event "Challenge"]
[Site "http://www.queenalice.com/game.php?id=879045"]
[Date "2010.12.30"]
[Round "-"]
[White "Did60"]
[Black "FranzMeM"]
[Result "0-1"]
[WhiteElo "1147"]
[BlackElo "1467"]

1. f4 Nf6 2. e3 e6 3. d4 d5 4. Bd2 a6 5. Nf3 Nc6 6. Ng5 h6 7. Nf3 Be7 8. Nc3 O-O
9. Qe2 Nb4 10. O-O-O Bd7 11. Nb1 Nxa2# 0-1

[Event "Challenge"]
[Site "http://www.queenalice.com/game.php?id=887260"]
[Date "2011.1.17"]
[Round "-"]
[White "memed"]
[Black "Did60"]
[Result "1-0"]
[WhiteElo "1462"]
[BlackElo "1233"]

1. e4 d5 2. Qf3 c6 3. d4 e6 4. e5 b6 5. Nh3 a6 6. Ng5 Bb4+ 7. c3 Nh6 8. cxb4 f6
9. Nh3 O-O 10. Qg3 Nf5 11. Qg4 b5 12. Nc3 Ra7 13. Bd3 Nh6 14. Bxh6 f5 15. Qg3 a5
16. bxa5 b4 17. Ne2 Rff7 18. Rc1 Rxa5 19. Ra1 Raa7 20. O-O Ba6 21. Nef4 Kf8 22.
Nxe6+ Ke8 23. Nxd8 Kxd8 24. Qg5+ Rfe7 25. Qxf5 Bc8 26. Qf8+ Re8 27. Qd6+ Rd7 28.
Bg5+ Re7 29. Qxb8 h6 30. Bxe7+ Rxe7 31. Ba6 Rc7 32. Nf4 Kd7 33. e6+ Kd6 34. Bxc8
g5 35. Nxd5 cxd5 36. Qb6+ Rc6 37. Qd8# 1-0

[Event "Challenge"]
[Site "http://www.queenalice.com/game.php?id=887261"]
[Date "2011.1.17"]
[Round "-"]
[White "memed"]
[Black "Did60"]
[Result "1-0"]
[WhiteElo "1455"]
[BlackElo "1240"]

1. e4 e5 2. Bc4 Qg5 3. d3 Qxg2 4. Qf3 Bb4+ 5. Bd2 Qxf3 6. Nxf3 Be7 7. Nxe5 Bh4
8. Nxf7 b5 9. Bd5 c6 10. Bb3 Bf6 11. c3 a5 12. Nxh8 d5 13. exd5 a4 14. Bd1 cxd5
15. Bf3 Bb7 16. d4 g6 17. Nxg6 hxg6 18. Na3 Bc6 19. b4 Ra7 20. Rg1 Kf7 21. O-O-O
Bh4 22. Be3 Bd7 23. Bxd5+ Kg7 24. Be4 Ra6 25. f4 Nf6 26. Bxg6 Kh6 27. f5+ Kg7
28. Bf4 Ne4 29. Bxb8 Nxc3 30. Rd3 Ne2+ 31. Kd2 Nxg1 32. Rc3 Bg5+ 33. Kd3 Ra8 34.
Be5+ Kh6 35. Rc2 Be7 36. Rg2 Nh3 37. Rg3 Ng5 38. Rg4 Bxb4 39. Rh4# 1-0

[Event "Challenge"]
[Site "http://www.queenalice.com/game.php?id=887893"]
[Date "2011.1.18"]
[Round "-"]
[White "takebora"]
[Black "Did60"]
[Result "0-1"]
[WhiteElo "1249"]
[BlackElo "1219"]

1. d4 e6 2. c3 d5 3. Qa4+ c6 4. Qd1 Nf6 5. f3 Bd6 6. e3 O-O 7. h4 Nh5 8. g4 Ng3
9. Rh3 b6 10. f4 Ne4 11. g5 b5 12. b4 a5 13. h5 Nxc3 14. Qc2 Ne4 15. h6 g6 16.
Nc3 Bxb4 17. Bd2 Nd6 18. Qd3 Na6 19. f5 exf5 20. Kf2 Qxg5 21. Rg3 Qh4 22. Bh3 c5
23. dxc5 Nxc5 24. Qxd5 Nde4+ 25. Nxe4 Nxe4+ 26. Ke2 Nxg3+ 27. Kd3 Rb8 28. Bxb4
axb4 29. Kc2 Be6 30. Qd1 Rbc8+ 31. Kd2 Ne4+ 32. Ke2 Bc4+ 33. Qd3 Qf6 34. Rd1
Qb2+ 35. Rd2 Nxd2 36. Qxc4 Nxc4+ 37. Kf3 Ne5+ 38. Kg3 Rc3 39. Bxf5 gxf5 40. Nh3
Rxe3+ 41. Kh4 Qg2 42. Ng5 Qh2+ 43. Nh3 Qxh3+ 44. Kg5 f6+ 45. Kf4 Qg3+ 46. Kxf5
Qg4# 0-1

[Event "Challenge"]
[Site "http://www.queenalice.com/game.php?id=889199"]
[Date "2011.1.21"]
[Round "-"]
[White "Did60"]
[Black "memed"]
[Result "0-1"]
[WhiteElo "1226"]
[BlackElo "1449"]

1. e4 e5 2. g4 Nf6 3. f3 d5 4. d3 d4 5. Bg5 Bb4+ 6. c3 dxc3 7. bxc3 Ba5 8. Qa4+
Nc6 9. h4 Be6 10. Qb5 Rb8 11. d4 exd4 12. Bd2 a6 13. Qg5 g6 14. Qh6 Rg8 15. g5
Nh5 16. Qxh7 Ke7 17. Ne2 Qf8 18. Nxd4 Rh8 19. Qxh8 Qxh8 20. f4 Ng3 21. f5 gxf5
22. e5 Nxh1 23. Bf4 Qxh4+ 24. Ke2 Qxf4 25. Nd2 Bxc3 26. Rd1 Nxd4+ 27. Kd3 Nf2+
28. Kxc3 Nxd1+ 29. Kd3 c5 30. a3 Qg3+ 31. Nf3 Qxf3+ 32. Kd2 Qxf1 33. Kc1 Nb3+
34. Kc2 Na1+ 35. Kb1 Nc3+ 36. Kb2 Na4# 0-1

[Event "Challenge"]
[Site "http://www.queenalice.com/game.php?id=891742"]
[Date "2011.1.27"]
[Round "-"]
[White "memed"]
[Black "Did60"]
[Result "1-0"]
[WhiteElo "1455"]
[BlackElo "1236"]

1. e4 e5 2. Bc4 c6 3. Qh5 d5 4. Qxe5+ Ne7 5. exd5 cxd5 6. Bb5+ Nd7 7. Nc3 d4 8.
Qxd4 Nf5 9. Qe4+ Ne7 10. Nh3 f5 11. Qe3 b6 12. Qf3 Rb8 13. O-O a6 14. Bc6 Bb7
15. Bxb7 Ne5 16. Qf4 Qc7 17. Bxa6 Ra8 18. Bb5+ Kf7 19. d4 N7g6 20. Qxf5+ Ke7 21.
Nd5+ Kd8 22. Nxc7 Kxc7 23. dxe5 Ra5 24. e6 Ne7 25. Qe5+ Kd8 26. Rd1+ Kc8 27. Qd6
Rxb5 28. Qd7+ Kb8 29. Qxb5 Ng6 30. Qxb6+ Kc8 31. Rd8# 1-0

[Event "Challenge"]
[Site "http://www.queenalice.com/game.php?id=900989"]
[Date "2011.2.15"]
[Round "-"]
[White "thiagonsmelo"]
[Black "Did60"]
[Result "0-1"]
[WhiteElo "1185"]
[BlackElo "1227"]

1. e4 e5 2. Nh3 Nf6 3. Qf3 Bb4 4. a3 Bc5 5. Bc4 O-O 6. Qf5 d5 7. exd5 Bxf5 8.
Ng5 c6 9. dxc6 Nxc6 10. g4 Nxg4 11. f3 Bf2+ 12. Ke2 Nd4+ 13. Kf1 Nxc2 14. Ra2
Qxg5 15. h3 Rac8 16. b3 Nd4 17. hxg4 Bxg4 18. fxg4 Bg3 19. Kg2 Qxg4 20. Rh3 Bh4+
21. Kf1 Qxh3+ 22. Kg1 Nf3# 0-1

[Event "Challenge"]
[Site "http://www.queenalice.com/game.php?id=901392"]
[Date "2011.2.16"]
[Round "-"]
[White "cyrillt"]
[Black "Did60"]
[Result "1-0"]
[WhiteElo "1819"]
[BlackElo "1229"]

1. e4 Nf6 2. e5 Nd5 3. c4 Nb4 4. a3 N4c6 5. d4 Na5 6. b4 Nac6 7. b5 Na5 8. Bd2
c6 9. a4 e6 10. Bd3 Qb6 11. c5 Qc7 12. Nf3 a6 13. b6 Qd8 14. Bxa5 Be7 15. Nbd2
d5 16. exd6 Bf6 17. Ne5 O-O 18. Qh5 Qe8 19. Qxh7# 1-0

[Event "Challenge"]
[Site "http://www.queenalice.com/game.php?id=902060"]
[Date "2011.2.18"]
[Round "-"]
[White "Did60"]
[Black "cyrillt"]
[Result "0-1"]
[WhiteElo "1251"]
[BlackElo "1838"]

1. Nc3 Nc6 2. d4 d5 3. Nf3 Nf6 4. e3 Bf5 5. Qe2 e6 6. Na4 a6 7. Ng5 b5 8. Nc3
Nb4 9. e4 Bg6 10. Bf4 dxe4 11. O-O-O Bd6 12. g3 Bh5 13. Qe3 Ng4 14. Qe2 g6 15.
h3 Bxf4+ 16. gxf4 Ne5 17. Bg2 Bxe2 18. Nxe2 Nxa2+ 19. Kd2 Nc4+ 20. Ke1 c6 21.
Bxe4 Qa5+ 22. c3 Nxb2 23. Ra1 b4 24. Bxc6+ Ke7 25. Rb1 Rac8 26. Be4 bxc3 27. d5
exd5 28. Bd3 Nxd3+ 29. Kd1 c2# 0-1

[Event "Challenge"]
[Site "http://www.queenalice.com/game.php?id=902299"]
[Date "2011.2.18"]
[Round "-"]
[White "Did60"]
[Black "memed"]
[Result "0-1"]
[WhiteElo "1257"]
[BlackElo "1550"]

1. Nc3 e5 2. Nf3 Qf6 3. d4 e4 4. Ng5 h6 5. Ngxe4 Qh4 6. Qd3 d6 7. Be3 Bf5 8. g3
Qg4 9. O-O-O Nf6 10. f3 Qg6 11. Nb5 Na6 12. Nxc7+ Nxc7 13. Bg2 d5 14. g4 Bxe4
15. Qb3 O-O-O 16. Qa4 a6 17. Bf4 Bd6 18. e3 Bxf3 19. Bxf3 Nxg4 20. Rdg1 h5 21.
h3 Bxf4 22. hxg4 Bxe3+ 23. Kd1 Bxg1 24. Rxg1 h4 25. b3 Nb5 26. Rf1 Nc3+ 27. Kd2
Nxa4 28. bxa4 f5 29. Rh1 fxg4 30. Be2 Qe4 31. c4 Qxh1 32. Bxg4+ Kc7 33. Kc3 Qc1+
34. Kb4 Qxc4+ 35. Ka5 b6# 0-1

[Event "Challenge"]
[Site "http://www.queenalice.com/game.php?id=903235"]
[Date "2011.2.20"]
[Round "-"]
[White "Did60"]
[Black "titi93"]
[Result "0-1"]
[WhiteElo "1253"]
[BlackElo "1636"]

1. Nc3 e5 2. e4 Nf6 3. Nf3 d6 4. Bb5+ c6 5. Bc4 h6 6. O-O d5 7. Bb3 dxe4 8. Nxe5
Bd6 9. Nc4 Bxh2+ 10. Kxh2 Ng4+ 11. Kg1 Qc7 12. g3 Nf6 13. a4 Bh3 14. Re1 O-O 15.
Ne2 Bg4 16. Ne3 Bh3 17. Kh2 Bc8 18. Bc4 Qd7 19. Kg2 Qh3+ 20. Kg1 g5 21. Nd4 Bg4
22. Ne2 Bf3 23. Ng2 Qxg2# 0-1

[Event "Challenge"]
[Site "http://www.queenalice.com/game.php?id=904533"]
[Date "2011.2.23"]
[Round "-"]
[White "memed"]
[Black "Did60"]
[Result "1-0"]
[WhiteElo "1574"]
[BlackElo "1247"]

1. d4 d5 2. e3 e6 3. Bb5+ c6 4. Bd3 Bb4+ 5. c3 Be7 6. Qg4 Nf6 7. Qxg7 Rg8 8. Qh6
Rh8 9. Nf3 Kd7 10. Ne5+ Kc7 11. Nxf7 Qg8 12. Nxh8 Qxh8 13. Qf4+ Kd8 14. Qe5 Qg8
15. O-O Nbd7 16. Qf4 Nh5 17. Qh6 Ndf6 18. h3 Bd7 19. Be2 Bf8 20. Qxh5 Nxh5 21.
Bxh5 b5 22. a3 a5 23. Nd2 Qg5 24. Bg4 h5 25. f4 Qh4 26. Nf3 Qg3 27. Bxh5 e5 28.
Ng5 Bh6 29. Nf7+ Kc7 30. Nxh6 Bxh3 31. Rf2 Rh8 32. Kf1 Rxh6 33. gxh3 Qxh3+ 34.
Ke2 Rxh5 35. fxe5 Qg3 36. e6 Rh7 37. a4 Kb6 38. b4 Qg4+ 39. Kd2 Re7 40. axb5
Rxe6 41. bxa5+ Kb7 42. a6+ Kb8 43. b6 Qg7 44. Ba3 Qh8 45. Bc5 Qe8 46. Rf8 Qc8
47. Rxc8+ Kxc8 48. a7 Kb7 49. a8=Q# 1-0

[Event "Challenge"]
[Site "http://www.queenalice.com/game.php?id=905168"]
[Date "2011.2.25"]
[Round "-"]
[White "titi93"]
[Black "Did60"]
[Result "1-0"]
[WhiteElo "1612"]
[BlackElo "1249"]

1. e4 e5 2. Bc4 d5 3. Bxd5 Bc5 4. d3 Qf6 5. Nf3 c6 6. Bc4 Ne7 7. Bg5 Qg6 8. O-O
f6 9. Bh4 Bh3 10. Ng5 Bd7 11. Qd2 fxg5 12. Bxg5 h6 13. Bh4 Rf8 14. Qc3 Bd6 15.
Qb3 b6 16. d4 exd4 17. Nd2 Qg4 18. Bg3 Qg6 19. e5 Bc7 20. Nf3 a6 21. Nxd4 b5 22.
Be6 Bxe5 23. Bxe5 c5 24. Ne2 Nbc6 25. Nf4 Qe4 26. Bd6 Nd4 27. Qh3 Ne2+ 28. Nxe2
Bc8 29. Bxc8 Rxc8 30. Rfe1 Rf6 31. Bxe7 Kxe7 32. Qxc8 Qxc2 33. Nd4+ Re6 34.
Qxe6+ Kf8 35. Qe8# 1-0

[Event "OS INCLIVEIS"]
[Site "http://www.queenalice.com/game.php?id=906066"]
[Date "2011.2.26"]
[Round "-"]
[White "adelio"]
[Black "Did60"]
[Result "1-0"]
[WhiteElo "1601"]
[BlackElo "1244"]

1. g3 e5 2. b3 d6 3. h3 b6 4. h4 Bb7 5. f3 d5 6. d3 Bb4+ 7. c3 Bc5 8. e3 f5 9.
a3 h6 10. Ra2 g5 11. h5 Nf6 12. b4 Bd6 13. Rhh2 Nbd7 14. Qe2 b5 15. Nd2 c6 16.
g4 f4 17. e4 d4 18. cxd4 Qb6 19. Nb3 O-O-O 20. Qf2 Qa6 21. Na5 Ba8 22. d5 cxd5
23. Qc2+ Kb8 24. Qf2 dxe4 25. dxe4 Qc8 26. Rc2 Qa6 27. Nc6+ Kc8 28. Nxa7+ Kb8
29. Bxb5 Qxa7 30. Qxa7+ Kxa7 31. Bc6 Nb6 32. b5 Nc4 33. Rxc4 Kb6 34. a4 Kc7 35.
Bxa8+ Kb8 36. Bc6 Rh7 37. a5 Ng8 38. a6 Rc8 39. b6 Ne7 40. a7# 1-0

[Event "Challenge"]
[Site "http://www.queenalice.com/game.php?id=911563"]
[Date "2011.3.11"]
[Round "-"]
[White "memed"]
[Black "Did60"]
[Result "1-0"]
[WhiteElo "1693"]
[BlackElo "1235"]

1. e4 Nf6 2. Qf3 e5 3. Bc4 c6 4. Bb3 d5 5. d3 Bg4 6. Qg3 Bb4+ 7. Bd2 Bc5 8.
Qxe5+ Qe7 9. Qf4 Bd6 10. Qe3 O-O 11. h3 d4 12. Qxd4 Bh5 13. Nf3 c5 14. Qa4 Nc6
15. Nc3 Qc7 16. g4 Bg6 17. h4 h5 18. g5 Nh7 19. O-O-O a6 20. Nd5 b5 21. Nxc7
bxa4 22. Nxa8 axb3 23. axb3 Rxa8 24. Rde1 a5 25. e5 Bc7 26. e6 Bd8 27. Ne5 Nb4
28. Nxg6 Nd5 29. e7 Bxe7 30. Nxe7+ Nxe7 31. Rxe7 a4 32. b4 Kf8 33. Rhe1 f6 34.
g6 a3 35. bxa3 Ng5 36. hxg5 fxg5 37. Bxg5 Rc8 38. Rf7+ Kg8 39. bxc5 Rxc5 40.
Re8# 1-0

[Event "Challenge"]
[Site "http://www.queenalice.com/game.php?id=911564"]
[Date "2011.3.11"]
[Round "-"]
[White "cyrillt"]
[Black "Did60"]
[Result "1-0"]
[WhiteElo "1758"]
[BlackElo "1237"]

1. e4 Nf6 2. e5 Nd5 3. c4 Nb4 4. d4 d5 5. Qa4+ N4c6 6. Nc3 e6 7. Nf3 Be7 8. c5
O-O 9. Bd3 a6 10. b4 b5 11. Nxb5 g5 12. Nc3 h5 13. b5 g4 14. bxc6 gxf3 15. gxf3
Qe8 16. Qc2 f5 17. Qd2 Nxc6 18. Rg1+ Kf7 19. Qh6 Rg8 20. Qh7+ Kf8 21. Qxg8# 1-0

[Event "Challenge"]
[Site "http://www.queenalice.com/game.php?id=911565"]
[Date "2011.3.11"]
[Round "-"]
[White "titi93"]
[Black "Did60"]
[Result "1-0"]
[WhiteElo "1513"]
[BlackElo "1242"]

1. e4 Nf6 2. d3 d6 3. Bg5 Bg4 4. Be2 Be6 5. Na3 Nc6 6. c3 h6 7. Bxf6 exf6 8. Nf3
f5 9. exf5 Bxf5 10. O-O Qe7 11. d4 d5 12. Bb5 O-O-O 13. Bxc6 bxc6 14. Nc2 Qe6
15. Re1 Qg6 16. Ne3 Bd7 17. Qa4 Re8 18. Qxa7 Kd8 19. Nxd5 cxd5 20. Qb8+ Bc8 21.
Rxe8+ Kd7 22. Ne5+ Kxe8 23. Nxg6 Rh7 24. Nxf8 Kxf8 25. Qxc8+ Ke7 26. Re1+ Kf6
27. Qxc7 g5 28. Qe7+ Kg7 29. Qe5+ Kf8 30. Qxd5 Rg7 31. Qd8# 1-0